Zorah : (Record no. 31159)

MARC details
000 -LEADER
fixed length control field 00545nam a22002177a 4500
001 - CONTROL NUMBER
control field sjds
003 - CONTROL NUMBER IDENTIFIER
control field sjds
005 - DATE AND TIME OF LATEST TRANSACTION
control field 20251118021729.0
008 - FIXED-LENGTH DATA ELEMENTS--GENERAL INFORMATION
fixed length control field 251118b |||||||| |||| 00| 0 eng d
020 ## - INTERNATIONAL STANDARD BOOK NUMBER
International Standard Book Number 9781737293606
040 ## - CATALOGING SOURCE
Transcribing agency sjds
041 ## - LANGUAGE CODE
Language code of text/sound track or separate title eng
100 ## - MAIN ENTRY--PERSONAL NAME
Personal name Emerson, K.
245 ## - TITLE STATEMENT
Title Zorah :
Remainder of title the adversaries /
Statement of responsibility, etc. K Emerson; edited by Laura M. Morales
260 ## - PUBLICATION, DISTRIBUTION, ETC. (IMPRINT)
Place of publication, distribution, etc. Denver, CO.:
Name of publisher, distributor, etc. Forastero Press,
Date of publication, distribution, etc. 2020.
300 ## - PHYSICAL DESCRIPTION
Extent 328 pg.
440 ## - SERIES STATEMENT/ADDED ENTRY--TITLE
Title Zorah series
650 ## - SUBJECT ADDED ENTRY--TOPICAL TERM
Form subdivision Science fiction
700 ## - ADDED ENTRY--PERSONAL NAME
Personal name Morales, Laura M.
942 ## - ADDED ENTRY ELEMENTS (KOHA)
Koha item type Libro/Book
Holdings
Withdrawn status Lost status Damaged status Not for loan Home library Current library Shelving location Date acquired Total Checkouts Full call number Barcode Date last seen Price effective from Koha item type
        San Juan Del Sur -- Biblioteca San Juan Del Sur -- Biblioteca English 18/11/2025   YA EME 30023452 18/11/2025 18/11/2025 Libro/Book

Powered by Koha